000 01198nam0a22003131 4500
001 v19\rc\2001526
005 20251118181307.1
035 _a(NLR Aleph) 005076935
090 _a7155285
_c7155285
100 _a20080811d1915 u y0rusy50 ca
101 0 _arus
102 _aRU
105 _ak z |||||
200 1 _aИсполнение решений волостных судов
_eРуководство для председателей волост. судов, образ. по закону 26 июня 1913 г.
_fСост. П. Заверуха, секретарь Съезда мировых судей
205 _a2-е изд.
210 _aЛохвица (Полт. г.)
_cтип. А. Радилевского и Пунянск[ого]
_d1915
215 _aVI, 107 с.
_cбланк.
_d25
300 _aИзд. неофиц.
532 1 3 _aИсполнение решений волостных судов
700 1 _aЗаверуха
_bП.Ф.
_4220
801 0 _aRU
_bNLR
_gpsbo
801 0 _aRU
_bRuMoRGB
_2psbo
801 1 _aRU
_bProSoft-M
_2rusmarc
852 _aNLR
_j34.104.7.67
899 _aRuMoRGB
_jV 114/8
899 _aБАН
942 _cBOOK
980 _aNB